Mémoires du prince de la paix Don Manuel Godoy
Bewaard in:
| Hoofdauteur: | |
|---|---|
| Formaat: | Boek |
| Taal: | Frans |
| Gepubliceerd in: |
París
Chez Ladvocat
1836
|
| Onderwerpen: | |
| Tags: |
Voeg label toe
Geen labels, Wees de eerste die dit record labelt!
|
MARC
| LEADER | 00000nam a2200000 a 4500 | ||
|---|---|---|---|
| 001 | UCH9118 | ||
| 003 | CL-VaPUC | ||
| 008 | 091224e18360000FR |||||||||||||||||fre|d | ||
| 082 | 0 | 4 | |a 923 |b DES |2 21 |
| 100 | 0 | |a D'Esménard, J. G |e author |9 546018 | |
| 245 | 1 | 0 | |a Mémoires du prince de la paix Don Manuel Godoy |
| 300 | |a t | ||
| 942 | |c BK | ||
| 945 | |d 20091224 00:00:00 |a rbrito | ||
| 260 | |a París |b Chez Ladvocat |c 1836 | ||
| 600 | 0 | 7 | |a GODOY ALVAREZ, MANUEL |2 CL-VaPUC |9 546019 |
| 650 | 0 | |a Biografías |9 255210 | |
| 651 | 0 | |a España |9 254926 | |
| 583 | |a last modification |c 20091224 00:00:00 |k Rodrigo Vera | ||
| 999 | |c 339181 |d 339179 | ||
| 952 | |0 0 |1 0 |4 0 |6 923_000000000000000_DES_1836 |7 0 |8 X |9 432659 |a FDOBUD |b FDOBUD |d 2019-11-22 |h t.2 |i 4625609 |o 923 DES 1836 |p 4625609 |r 2019-11-22 |w 2019-11-22 |y BK_X |k BUD | ||
| 952 | |0 0 |1 0 |4 0 |6 923_000000000000000_DES_1836 |7 0 |8 X |9 432660 |a FDOBUD |b FDOBUD |d 2019-11-22 |h t.3 |i 4625617 |o 923 DES 1836 |p 4625617 |r 2019-11-22 |w 2019-11-22 |y BK_X |k BUD | ||
| 952 | |0 0 |1 0 |4 0 |6 923_000000000000000_DES_1836 |7 0 |8 X |9 432661 |a FDOBUD |b FDOBUD |d 2019-11-22 |h t.4 |i 4625625 |o 923 DES 1836 |p 4625625 |r 2019-11-22 |w 2019-11-22 |y BK_X |k BUD | ||